000
00342nam a2200145Ia 4500
003
OSt
005
20240312100336.0
008
170523s9999 xx 000 0 und d
020
_a
978-9350512852
040
_c
IIMT UNIVERSITY MEERUT
100
_a
Thakur- R.
245
0
_a
Professional Communication
260
_a
BPB Pub.
942
_2
ddc
_c
02
999
_c
11623
_d
11623